British Crime Survey, 1982

The primary purpose of the British Crime Survey was to estimate how many of the public in England and Wales are victims of selected types of crime over a year, describing the circumstances under which people become victims, and the consequences of crime for victims. Other aims included providing bac...

Full description

Saved in:  
Bibliographic Details
Corporate Author: Home Office Research and Planning Unit. VerfasserIn (Author)
Format: Electronic Research Data
Language:English
Published: [Erscheinungsort nicht ermittelbar] [Verlag nicht ermittelbar] 1987
In:Year: 1987
Online Access: Volltext (kostenfrei)
Check availability: HBZ Gateway
Keywords:

MARC

LEADER 00000cam a22000002c 4500
001 184006224X
003 DE-627
005 20260507204236.0
007 cr uuu---uuuuu
008 230324s1987 xx |||||o 00| ||eng c
024 7 |a 10.3886/ICPSR08672.v1  |2 doi 
035 |a (DE-627)184006224X 
035 |a (DE-599)KXP184006224X 
040 |a DE-627  |b ger  |c DE-627  |e rda 
041 |a eng 
084 |a 2,1  |2 ssgn 
110 2 |a Home Office Research and Planning Unit  |e VerfasserIn  |4 aut 
245 1 0 |a British Crime Survey, 1982 
264 1 |a [Erscheinungsort nicht ermittelbar]  |b [Verlag nicht ermittelbar]  |c 1987 
336 |a Text  |b txt  |2 rdacontent 
337 |a Computermedien  |b c  |2 rdamedia 
338 |a Online-Ressource  |b cr  |2 rdacarrier 
520 |a The primary purpose of the British Crime Survey was to estimate how many of the public in England and Wales are victims of selected types of crime over a year, describing the circumstances under which people become victims, and the consequences of crime for victims. Other aims included providing background information on fear of crime among the public and on public contact with the police. Respondents were asked a series of screening questions to establish whether or not they or their households had been victims of relevant crimes during the one-year reference period. They were then asked a series of very detailed questions about the incidents they reported. Basic descriptive background information on respondents and their households was collected to allow analysis of the sorts of people who do and do not become victims. Information was also collected on other areas which were of intrinsic interest and which could usefully be related to experience as a victim, namely, fear of crime, contact with the police, lifestyle, and self-reported offending. 
540 |a ICPSR Terms of Use 
650 0 7 |0 (DE-588)4033178-7  |0 (DE-627)10458503X  |0 (DE-576)209000511  |a Kriminalität  |2 gnd 
650 4 |a Crime 
650 4 |a crime costs 
650 4 |a crime patterns 
650 4 |a Crime reporting 
650 4 |a Fear of crime 
650 4 |a Lifestyles 
650 4 |a police citizen interactions 
650 4 |a Police Response 
650 4 |a reactions to crime 
650 4 |a Victimization 
650 4 |a Victims 
651 7 |0 (DE-588)4022153-2  |0 (DE-627)104665513  |0 (DE-576)208942076  |a Großbritannien  |2 gnd 
655 7 |a Forschungsdaten  |y 1982  |0 (DE-588)1098579690  |0 (DE-627)857755366  |0 (DE-576)469182156  |2 gnd-content 
787 0 8 |i Forschungsdaten zu  |a Hough, Mike, 1948 -   |t The British Crime Survey: First Report  |d [Erscheinungsort nicht ermittelbar] : United Kingdom Home Office, Research and Planning Unit, 1983  |w (DE-627)1912470071 
787 0 8 |i Forschungsdaten zu  |a Chambers, Gerry A.  |t The British Crime Survey--Scotland  |d [Erscheinungsort nicht ermittelbar] : Her Majesty's Stationery Office, 1984  |w (DE-627)191247008X 
787 0 8 |i Forschungsdaten zu  |a Lasley, James Robert  |t A Causal Analysis of Victimization and Offending  |d [Erscheinungsort nicht ermittelbar] : Claremont Graduate School, 1986  |w (DE-627)1912473518 
787 0 8 |i Forschungsdaten zu  |a Farrington, David, 1944 - 2024  |t Changes in crime and punishment in England and America in the 1980's  |d 1992  |w (DE-627)1912474816 
787 0 8 |i Forschungsdaten zu  |a Southgate, Peter  |t Contacts Between Police and Public: British Crime Commission  |d [Erscheinungsort nicht ermittelbar] : United Kingdom Home Office, Research and Planning Unit, 1984  |w (DE-627)1912490943 
787 0 8 |i Forschungsdaten zu  |a Farrington, David, 1944 - 2024  |t Crime and Justice in England and Wales, 1981-1999  |d University of Chicago Press, 2005  |w (DE-627)1912496623 
787 0 8 |i Forschungsdaten zu  |a Smith, David J.  |t Crime and punishment in Scotland, 1980-1999  |d University of Chicago Press, 2005  |w (DE-627)191249700X 
787 0 8 |i Forschungsdaten zu  |a Trickett, Alan  |t Crime victimization in the eighties: Changes in area and regional inequality  |d 1995  |w (DE-627)1912499940 
787 0 8 |i Forschungsdaten zu  |a Hough, Michael, 1944 -   |t Dealing with offenders: Popular opinion and the views of victims  |d 1985  |w (DE-627)1912505649 
787 0 8 |i Forschungsdaten zu  |a Sampson, Robert J., 1956 -   |t Deviant lifestyle, proximity to crime, and the offender-victim link in personal violence  |d 1990  |w (DE-627)1912512939 
787 0 8 |i Forschungsdaten zu  |a Lasley, James R.  |t Differential classification of adult self-reported offender types  |d 1986  |w (DE-627)1912513803 
787 0 8 |i Forschungsdaten zu  |a Dijk, Tom J. van, 1956 -   |t Domestic victimization  |d 1998  |w (DE-627)1912520494 
787 0 8 |i Forschungsdaten zu  |a Lasley, James R.  |t Drinking routines/lifestyles and predatory victimization: A causal analysis  |d 1989  |w (DE-627)1912522020 
787 0 8 |i Forschungsdaten zu  |a Clarke, Ronald V., 1941 -   |t Elderly victims of crime and exposure to risk  |d 1985  |w (DE-627)1912533995 
787 0 8 |i Forschungsdaten zu  |a Kautt, Paula M.  |t Ethnicity and the British Crime Survey: Issues, obstacles and solutions  |d 2011  |w (DE-627)1912541564 
787 0 8 |i Forschungsdaten zu  |a Maxfield, Michael G.  |t Fear of Crime in England and Wales  |d [Erscheinungsort nicht ermittelbar] : United Kingdom Home Office, Research and Planning Unit, 1984  |w (DE-627)1912556707 
787 0 8 |i Forschungsdaten zu  |a Veysey, Bonita M.  |t Further testing of social disorganization theory: An elaboration of Sampson and Groves's 'Community Structure and Crime'  |d 1999  |w (DE-627)1912563347 
787 0 8 |i Forschungsdaten zu  |a Maxfield, Michael G.  |t Household composition, routine activity, and victimization: A comparative analysis  |d 1987  |w (DE-627)1764277007 
787 0 8 |i Forschungsdaten zu  |a Maxfield, Michael G.  |t Household Composition, Routine Activity, and Victimization: A Comparison of the 1982 British Crime Survey and the 1983 Victim Risk Supplement to the National Crime Survey  |d American Society of Criminology, 1986  |w (DE-627)1912576449 
787 0 8 |i Forschungsdaten zu  |a Mayhew, Patricia  |t How Are We Faring on the Burglary Front?  |d 1987  |w (DE-627)1912576791 
787 0 8 |i Forschungsdaten zu  |a Hough, Mike  |t The impact of victimisation: Findings from the British Crime Survey  |d 1985  |w (DE-627)1912585391 
787 0 8 |i Forschungsdaten zu  |a Sampson, Robert J., 1956 -   |t Linking the micro- and macro-level dimensions of lifestyle-routine activity and opportunity models of predatory victimization  |d 1987  |w (DE-627)1764278364 
787 0 8 |i Forschungsdaten zu  |a Sampson, Robert J., 1956 -   |t Local friendship ties and community attachment in mass society: A multilevel systematic model  |d 1988  |w (DE-627)1912610876 
787 0 8 |i Forschungsdaten zu  |a Maxfield, Michael G.  |t The London Metropolitan Police and their clients: Victim and suspect attitudes  |d 1988  |w (DE-627)1912611538 
787 0 8 |i Forschungsdaten zu  |a Mayhew, Patricia  |t Measuring the effects of crime in victimization surveys  |d Ferdinand Enke Verlag, 1993  |w (DE-627)1912618621 
787 0 8 |i Forschungsdaten zu  |a Tseloni, Andromachi  |t The modelling of threats: Evidence from the British Crime Survey  |d 1994  |w (DE-627)1912624192 
787 0 8 |i Forschungsdaten zu  |a Tseloni, Andromachi  |t Modelling Threats in England and Wales  |d [Erscheinungsort nicht ermittelbar] : University of Manchester, 1994  |w (DE-627)1912624222 
787 0 8 |i Forschungsdaten zu  |a Ellingworth, Dan  |t Movers and breakers: Household property crime against those moving home  |d 1998  |w (DE-627)1912627256 
787 0 8 |i Forschungsdaten zu  |a Buck, Wendy  |t Obscene, Threatening and Other Troublesome Telephone Calls to Women in England and Wales: 1982-1992  |d [Erscheinungsort nicht ermittelbar] : United Kingdom Home Office, Research and Planning Unit, 1995  |w (DE-627)1912639327 
787 0 8 |i Forschungsdaten zu  |a Hough, Mike  |t Offenders' choice of target: Findings from victim surveys  |d 1987  |w (DE-627)1764277201 
787 0 8 |i Forschungsdaten zu  |a Miethe, Terance D., 1953 -   |t Opportunity, choice, and criminal victimization: A test of a theoretical model  |d 1990  |w (DE-627)1912641887 
787 0 8 |i Forschungsdaten zu  |a Worrall, Anne  |t Personal crimes against women: Evidence from the 1982 British Crime Survey  |d 1986  |w (DE-627)1912649993 
787 0 8 |i Forschungsdaten zu  |a Sampson, Robert J., 1956 -   |t Personal violence by strangers: An extension and test of the opportunity model of predatory victimization  |d 1987  |w (DE-627)1912650193 
787 0 8 |i Forschungsdaten zu  |a Farrell, Graham  |t Repeated Criminal Victimisation  |d [Erscheinungsort nicht ermittelbar] : University of Manchester, 1993  |w (DE-627)1912685051 
787 0 8 |i Forschungsdaten zu  |a Lowenkamp, Christopher Tyson  |t Replicating Sampson and Groves's test of social disorganization theory: A criminological classic  |d 2003  |w (DE-627)1912685280 
787 0 8 |i Forschungsdaten zu  |a Hough, Mike  |t Residential burglary: A profile from the British Crime Survey  |d Kluwer-Nijhoff, 1984  |w (DE-627)1912687305 
787 0 8 |i Forschungsdaten zu  |a Lasley, James R.  |t Routine activities and multiple personal victimization  |d 1988  |w (DE-627)1912693992 
787 0 8 |i Forschungsdaten zu  |a Mott, Joy  |t Self-reported cannabis use in Great Britain in 1981  |d 1985  |w (DE-627)1912698579 
787 0 8 |i Forschungsdaten zu  |a Mayhew, Patricia  |t Self-reported offending, victimization, and the British Crime Survey  |d 1990  |w (DE-627)1912698749 
787 0 8 |i Forschungsdaten zu  |a Sales, Bruce  |t Social science in victim policy  |d 1990  |w (DE-627)1912707225 
787 0 8 |i Forschungsdaten zu  |a Hope, Tim  |t Symposium on repeat victimization  |d 1995  |w (DE-627)1912720094 
787 0 8 |i Forschungsdaten zu  |a Hough, Mike  |t Threats: Findings from the British Crime Survey  |d 1990  |w (DE-627)1912724251 
787 0 8 |i Forschungsdaten zu  |a Ellingworth, Dan  |t A victim is a victim is a victim? Chronic victimization in four sweeps of the British Crime Survey  |d 1995  |w (DE-627)1912741881 
787 0 8 |i Forschungsdaten zu  |a Gottfredson, Michael R., 1951 -   |t Victims of Crime: The Dimensions of Risk  |d [Erscheinungsort nicht ermittelbar] : Her Majesty's Stationery Office, 1984  |w (DE-627)1912742810 
787 0 8 |i Forschungsdaten zu  |a Trickett, Alan  |t What is different about high crime areas?  |d 1992  |w (DE-627)1912747561 
856 4 0 |u https://doi.org/10.3886/ICPSR08672.v1  |x Resolving-System  |z kostenfrei  |3 Volltext  |7 0 
935 |a mkri 
951 |a BO 
ELC |a 1 
LOK |0 000 xxxxxcx a22 zn 4500 
LOK |0 001 429680989X 
LOK |0 003 DE-627 
LOK |0 004 184006224X 
LOK |0 005 20230324125314 
LOK |0 008 230324||||||||||||||||ger||||||| 
LOK |0 035   |a (DE-2619)ICPSR8672 
LOK |0 040   |a DE-2619  |c DE-627  |d DE-2619 
LOK |0 092   |o n 
LOK |0 852   |a DE-2619 
LOK |0 852 1  |9 00 
LOK |0 935   |a foda  |a nacj 
LOK |0 939   |a 2023-03-24  |b l01 
OAS |a 1 
ORI |a WA-MARC-krimdoka001.raw 
TIM |a 100019820101_100019821231  |b 1982 - 1982